[Event "World Blitz 2015"]
[Site "Berlin GER"]
[Date "2015.10.14"]
[Round "16.22"]
[White "Movsesian, Sergei"]
[Black "Guseinov, Gadir"]
[Result "0-1"]
[WhiteTitle "GM"]
[BlackTitle "GM"]
[WhiteElo "2658"]
[BlackElo "2634"]
[WhiteFideId "310204"]
[BlackFideId "13401378"]
[EventDate "2015.10.13"]

1. c4 d6 2. Nc3 g6 3. g3 Bg7 4. Bg2 e5 5. d3 f5 6. e3 Nf6 7. Nge2 O-O 8. Qd2 c6
9. b3 d5 10. cxd5 cxd5 11. Ba3 Rf7 12. d4 e4 13. O-O Nc6 14. Rac1 Bf8 15. Bxf8
Rxf8 16. Na4 Qe7 17. Rc3 g5 18. Nc5 Nd8 19. Rfc1 Qf7 20. Na6 Nc6 21. Nc5 Qh5 22.
b4 Ne7 23. Nb3 Ng6 24. Qd1 f4 25. exf4 Bg4 26. R1c2 gxf4 27. gxf4 Nh4 28. Rg3
Kh8 29. Qd2 Bf3 30. Bh3 Rg8 31. Nbc1 Bxe2 32. Qxe2 Nf3+ 33. Kg2 Qh4 34. Qe3 Nh5
35. Ne2 Ne1+ 36. Kf1 Nxc2 37. Rxg8+ Rxg8 38. Qc3 Nxb4 39. Be6 Nd3 40. Ng3 Qxf4 0-1

[Event "World Blitz 2015"]
[Site "Berlin GER"]
[Date "2015.10.14"]
[Round "16.23"]
[White "Fridman, Daniel"]
[Black "Edouard, Romain"]
[Result "0-1"]
[WhiteTitle "GM"]
[BlackTitle "GM"]
[WhiteElo "2649"]
[BlackElo "2636"]
[WhiteFideId "11600454"]
[BlackFideId "633429"]
[EventDate "2015.10.13"]

1. d4 e6 2. c4 b6 3. Nf3 Bb7 4. g3 g6 5. Bg2 Bg7 6. O-O Ne7 7. Nc3 d5 8. cxd5
exd5 9. Bf4 O-O 10. Nb5 Na6 11. Rc1 c6 12. Nd6 Bc8 13. Qa4 Nc7 14. Nxc8 Rxc8 15.
Bh3 Ne6 16. Bxe6 fxe6 17. Qxa7 Ra8 18. Qb7 Rxa2 19. Ng5 Rxf4 20. Nxe6 Qd6 21.
Nxf4 Bxd4 22. Rc2 Qf6 23. e3 Bc5 24. Rfc1 Kf7 25. b4 Rxc2 26. Rxc2 Bxb4 27. Qxb6
c5 28. Kg2 Qxb6 0-1

[Event "World Blitz 2015"]
[Site "Berlin GER"]
[Date "2015.10.14"]
[Round "16.24"]
[White "Socko, Bartosz"]
[Black "Kovalenko, Igor"]
[Result "1-0"]
[WhiteTitle "GM"]
[BlackTitle "GM"]
[WhiteElo "2599"]
[BlackElo "2700"]
[WhiteFideId "1107038"]
[BlackFideId "14117908"]
[EventDate "2015.10.13"]

1. e4 c6 2. d4 d5 3. exd5 cxd5 4. Bd3 Nc6 5. c3 Nf6 6. h3 g6 7. Nf3 Qc7 8. O-O
Bg7 9. Re1 O-O 10. Bg5 h6 11. Bxf6 Bxf6 12. Nbd2 Bd7 13. Nf1 Rad8 14. Qd2 Bg7
15. Rad1 Bc8 16. Qc2 a6 17. Ne3 Rfe8 18. Qb3 Qd6 19. a4 Na5 20. Qa2 Be6 21. Re2
Qf4 22. Nd2 Qg5 23. Nf3 Qf4 24. Nd2 h5 25. Rde1 Nc6 26. Qb3 Rd7 27. Nef1 Bf5 28.
g3 Qd6 29. Bxf5 gxf5 30. Nf3 f4 31. Kg2 Qg6 32. Qc2 Qxc2 33. Rxc2 fxg3 34. Nxg3
Rd6 35. Nxh5 Rg6+ 36. Ng3 e6 37. Kh2 Bh6 38. Nh4 Rf6 39. Nh5 Rf4 40. Nxf4 Bxf4+
41. Kg2 Kf8 42. Nf3 Ke7 43. Ne5 Rg8+ 44. Kf3 Bxe5 45. dxe5 Rg5 46. Rce2 Kf8 47.
Kf4 Rf5+ 48. Kg4 Ne7 49. f4 Kg7 50. h4 Kh6 51. Rf2 Ng6 52. b3 b5 53. a5 Ne7 54.
Ree2 Nc6 55. b4 Ne7 56. h5 Ng8 57. Rg2 Kh7 58. Kf3 f6 59. exf6 Nxf6 60. Rg5 Ne4
61. Rxf5 exf5 62. Re3 Kh6 63. Rd3 Nf6 64. Ke3 Kxh5 65. Kd4 Kg4 66. Ke5 Nd7+ 67.
Kxd5 Kxf4 68. Ke6 Nf8+ 69. Kd5 Ng6 70. Kc5 Ne5 71. Rd6 Ke4 72. Re6 Kf4 73. Rxa6
Kg5 74. Re6 Ng4 75. a6 f4 76. a7 1-0

[Event "World Blitz 2015"]
[Site "Berlin GER"]
[Date "2015.10.14"]
[Round "16.25"]
[White "Bogdanovich, Stanislav"]
[Black "Kravtsiv, Martyn"]
[Result "0-1"]
[WhiteTitle "IM"]
[BlackTitle "GM"]
[WhiteElo "2590"]
[BlackElo "2621"]
[WhiteFideId "14115298"]
[BlackFideId "14113147"]
[EventDate "2015.10.13"]

1. Nf3 Nf6 2. c4 e6 3. b3 d5 4. Bb2 Be7 5. g3 O-O 6. Bg2 c5 7. O-O Nc6 8. e3 b6
9. Nc3 dxc4 10. bxc4 Bb7 11. Qe2 Qc7 12. d3 a6 13. Rab1 Rfd8 14. Ba1 Rab8 15.
Rfd1 Ba8 16. Rd2 h6 17. a3 Na5 18. Nd1 Nd7 19. Bc3 Bf6 20. Rdb2 Bxc3 21. Nxc3
Bxf3 22. Bxf3 Ne5 23. Rd1 Qd7 24. Bg2 b5 25. cxb5 axb5 26. d4 Nec4 27. dxc5 Qe7
28. Rxd8+ Rxd8 29. Rxb5 Qc7 30. c6 Rd2 31. Qg4 Rc2 32. Ne2 Nxa3 33. Rb4 Nxc6 34.
Ra4 Ne5 35. Ra8+ Kh7 36. Qe4+ f5 37. Qb4 Rxe2 38. Qxa3 Re1+ 39. Bf1 Qc4 40. Qa6
Rxf1+ 41. Kg2 Rd1 42. Qa7 Qe4+ 43. Kh3 Qg4+ 44. Kg2 Qf3+ 45. Kh3 Rg1 46. Qb8
Qg4# 0-1

[Event "World Blitz 2015"]
[Site "Berlin GER"]
[Date "2015.10.14"]
[Round "16.27"]
[White "Fedoseev, Vladimir3"]
[Black "Bologan, Viktor"]
[Result "1-0"]
[WhiteTitle "GM"]
[BlackTitle "GM"]
[WhiteElo "2659"]
[BlackElo "2607"]
[WhiteFideId "24130737"]
[BlackFideId "13900048"]
[EventDate "2015.10.13"]

1. e4 c6 2. d3 d5 3. Nd2 e5 4. Ngf3 Bd6 5. g3 Nf6 6. Bg2 O-O 7. O-O Re8 8. b3
Na6 9. Bb2 Nc7 10. h3 a5 11. a3 h6 12. Re1 dxe4 13. dxe4 b5 14. Nf1 Qe7 15. Ne3
g6 16. Qc1 h5 17. Nh4 Bc5 18. Kh1 Nh7 19. Nf3 Ng5 20. Nxe5 Nxh3 21. Nd3 Bb6 22.
Nf5 Bxf5 23. Qh6 f6 24. exf5 1-0

[Event "World Blitz 2015"]
[Site "Berlin GER"]
[Date "2015.10.14"]
[Round "16.28"]
[White "Safarli, Eltaj"]
[Black "Morozevich, Alexander"]
[Result "0-1"]
[WhiteTitle "GM"]
[BlackTitle "GM"]
[WhiteElo "2657"]
[BlackElo "2711"]
[WhiteFideId "13402129"]
[BlackFideId "4116992"]
[EventDate "2015.10.13"]

1. e4 e6 2. d4 d5 3. Nd2 b6 4. Ngf3 Nf6 5. e5 Nfd7 6. Bd3 c5 7. c3 Ba6 8. Bxa6
Nxa6 9. O-O Nc7 10. Re1 c4 11. Nf1 b5 12. Ng3 h6 13. h4 Nb6 14. h5 a5 15. Nh2 b4
16. f4 Qd7 17. Rf1 O-O-O 18. f5 Kb7 19. Ng4 Ra8 20. f6 Nb5 21. Qf3 gxf6 22. Nxf6
Qc6 23. Ng4 Ka6 24. Qxf7 bxc3 25. bxc3 Nxc3 26. Rf6 Re8 27. Nxh6 Re7 28. Qxf8
Rxf8 29. Rxf8 Rg7 30. Bf4 Ne4 31. Nxe4 dxe4 32. Rg8 Rxg8 33. Nxg8 Nd5 34. Bg5
Qb6 35. Rd1 c3 36. Kh1 e3 37. Nf6 c2 38. Rg1 Qb1 39. Nxd5 c1=Q 40. Rxc1 Qxc1+
41. Kh2 exd5 42. h6 Qc2 43. Bxe3 Qe4 44. Bg5 Kb7 45. Kg3 Kc6 46. Bf4 Kd7 47. Kg4
Ke6 48. g3 Kf7 49. Kg5 Qg6+ 50. Kh4 Qf5 51. Bg5 Kg6 52. Bf4 Qh5# 0-1

[Event "World Blitz 2015"]
[Site "Berlin GER"]
[Date "2015.10.14"]
[Round "16.29"]
[White "Postny, Evgeny"]
[Black "Fressinet, Laurent"]
[Result "0-1"]
[WhiteTitle "GM"]
[BlackTitle "GM"]
[WhiteElo "2658"]
[BlackElo "2702"]
[WhiteFideId "2804344"]
[BlackFideId "608742"]
[EventDate "2015.10.13"]

1. d4 Nf6 2. c4 g6 3. Nc3 Bg7 4. e4 d6 5. h3 O-O 6. Be3 Nbd7 7. Nf3 e5 8. d5 Nc5
9. Nd2 a5 10. g4 Nfd7 11. h4 f5 12. g5 Nb6 13. h5 Bd7 14. Qc2 Nba4 15. Nb5 fxe4
16. hxg6 hxg6 17. b3 Nd3+ 18. Bxd3 exd3 19. Qxd3 e4 20. Qxe4 Bf5 21. Qh4 Kf7 22.
Bd4 Qe7+ 23. Kf1 Rh8 24. Qh7 Bd3+ 25. Kg2 Qxg5+ 26. Kf3 Rxh7 27. Rxh7 Rg8 28.
bxa4 Qxd2 29. Nxc7 Be2+ 0-1

[Event "World Blitz 2015"]
[Site "Berlin GER"]
[Date "2015.10.14"]
[Round "16.30"]
[White "Cheparinov, Ivan"]
[Black "Gajewski, Grzegorz"]
[Result "0-1"]
[WhiteTitle "GM"]
[BlackTitle "GM"]
[WhiteElo "2681"]
[BlackElo "2654"]
[WhiteFideId "2905540"]
[BlackFideId "1116207"]
[EventDate "2015.10.13"]

1. d4 Nf6 2. c4 e6 3. Nf3 d5 4. g3 Bb4+ 5. Bd2 Be7 6. Bg2 O-O 7. O-O c6 8. Qc2
Nbd7 9. Rd1 a5 10. Bf4 h6 11. Nc3 dxc4 12. Nd2 Nd5 13. Nxc4 Nxf4 14. gxf4 Nb6
15. Nxb6 Qxb6 16. e3 Bd7 17. Rac1 Rad8 18. Na4 Qc7 19. Nc5 Bc8 20. Nd3 f6 21.
Qc4 Kh7 22. Be4+ f5 23. Bf3 g5 24. Kh1 Rg8 25. Rg1 Bd6 26. Ne5 Rg7 27. Rg2 Rdg8
28. Rcg1 c5 29. dxc5 Bxe5 30. fxe5 g4 31. Be2 Bd7 32. Bd3 Qxe5 33. e4 Bc6 34. h3
h5 35. hxg4 Rxg4 36. Rxg4 Rxg4 37. Rxg4 hxg4 38. Kg1 f4 39. Qc3 Qxc3 40. bxc3 e5
41. Be2 Bxe4 42. Bxg4 Kg6 43. Bd7 Bc6 44. Bc8 e4 45. Kf1 Kf6 46. Ke2 Ke5 47. Kd2
Kd5 48. a3 Kxc5 49. Be6 Kd6 50. Bb3 Ke5 51. Bc4 Kf5 52. Ke2 Ke5 53. Kd2 Bd5 54.
Bb5 Kd6 55. Be8 Kc5 56. Ba4 Kc4 57. Bc2 e3+ 58. fxe3 fxe3+ 59. Kxe3 Kxc3 60. Bd1
Bc6 61. Kf4 Kb2 62. a4 Ka3 63. Ke5 Bxa4 64. Bf3 Bc6 65. Be2 0-1

[Event "World Blitz 2015"]
[Site "Berlin GER"]
[Date "2015.10.14"]
[Round "16.31"]
[White "Khairullin, Ildar"]
[Black "Bocharov, Dmitry"]
[Result "1-0"]
[WhiteTitle "GM"]
[BlackTitle "GM"]
[WhiteElo "2652"]
[BlackElo "2560"]
[WhiteFideId "4151348"]
[BlackFideId "4138716"]
[EventDate "2015.10.13"]

1. d4 Nf6 2. c4 e6 3. g3 d5 4. Bg2 Bb4+ 5. Bd2 Be7 6. Nf3 O-O 7. O-O c6 8. Qc2
Nbd7 9. Rd1 Ne4 10. Nc3 f5 11. Bf4 Bf6 12. b4 g5 13. Be3 Nb6 14. Nxe4 dxe4 15.
Ne5 Qe7 16. Rab1 Nd7 17. f4 exf3 18. Nxd7 Bxd7 19. exf3 Qg7 20. Qf2 Rad8 21. f4
gxf4 22. Qxf4 Be8 23. Rd2 Bh5 24. b5 cxb5 25. Rxb5 b6 26. d5 Bc3 27. Rc2 Bg4 28.
h3 e5 29. Qf2 f4 30. Rxc3 fxe3 31. Qxe3 Bd7 32. Rb2 Rf6 33. Re2 Re8 34. c5 bxc5
35. Rxc5 e4 36. Rc7 a5 37. Kh2 h5 38. h4 Qg4 39. Qg5+ Qxg5 40. hxg5 Rf7 41. Rxe4
Rb8 42. g6 Rg7 43. d6 Rb2 44. Kg1 Kf8 45. Rf4+ Ke8 46. Rf7 Rxg6 47. Re7+ Kf8 48.
Rexd7 1-0

[Event "World Blitz 2015"]
[Site "Berlin GER"]
[Date "2015.10.14"]
[Round "16.32"]
[White "Motylev, Alexander"]
[Black "Matlakov, Maxim"]
[Result "0-1"]
[WhiteTitle "GM"]
[BlackTitle "GM"]
[WhiteElo "2649"]
[BlackElo "2689"]
[WhiteFideId "4121830"]
[BlackFideId "4168003"]
[EventDate "2015.10.13"]

1. e4 c5 2. Nf3 d6 3. d4 cxd4 4. Nxd4 Nf6 5. Nc3 a6 6. Bg5 Nbd7 7. Bc4 g6 8. Qd2
Bg7 9. O-O-O O-O 10. Bh6 Bxh6 11. Qxh6 Ne5 12. Bb3 b5 13. f3 b4 14. Nd5 Nxd5 15.
Bxd5 Ra7 16. f4 Ng4 17. Qh4 Ne3 18. Nc6 Qc7 19. Qf2 Nxd1 20. Qxa7 Qxa7 21. Nxa7
Ne3 22. g3 Bd7 23. Bc6 Be6 24. Re1 Nc4 25. Bd5 Na5 26. c3 Rb8 27. cxb4 Rxb4 28.
a3 Rd4 29. b4 Bxd5 30. exd5 Nc4 31. Nc6 Rd3 32. Kc2 Rxa3 33. Rxe7 Ne3+ 34. Kb2
Nc4+ 35. Kc2 Nb6 36. Rd7 Nxd7 0-1

[Event "World Blitz 2015"]
[Site "Berlin GER"]
[Date "2015.10.14"]
[Round "16.34"]
[White "Inarkiev, Ernesto"]
[Black "Zvjaginsev, Vadim"]
[Result "1-0"]
[WhiteTitle "GM"]
[BlackTitle "GM"]
[WhiteElo "2660"]
[BlackElo "2660"]
[WhiteFideId "4162722"]
[BlackFideId "4113403"]
[EventDate "2015.10.13"]

1. Nf3 Nf6 2. g3 b6 3. Bg2 Bb7 4. O-O g6 5. d3 Bg7 6. e4 O-O 7. e5 Ne8 8. Qe2 d6
9. e6 f5 10. Nc3 c5 11. Re1 Nf6 12. Bg5 Nc6 13. Rad1 Rc8 14. Qd2 Nb4 15. a3 Nbd5
16. Ne2 b5 17. Nh4 Qb6 18. Bh6 Nc7 19. Bxg7 Kxg7 20. Nf4 Bxg2 21. Nhxg2 Ncd5 22.
h4 Nxf4 23. Nxf4 c4 24. d4 a5 25. c3 b4 26. axb4 axb4 27. Kg2 Ra8 28. h5 g5 29.
h6+ Kh8 30. Nh3 f4 31. Nxg5 Qb7+ 32. d5 Ra5 33. Qxf4 Rxd5 34. Kh2 Ng4+ 35. Qxg4
Rxf2+ 36. Kh3 Rxg5 37. Qxg5 Qg2+ 38. Kh4 1-0

[Event "World Blitz 2015"]
[Site "Berlin GER"]
[Date "2015.10.14"]
[Round "16.35"]
[White "Moiseenko, Alexander"]
[Black "Riazantsev, Alexander"]
[Result "0-1"]
[WhiteTitle "GM"]
[BlackTitle "GM"]
[WhiteElo "2692"]
[BlackElo "2646"]
[WhiteFideId "14102560"]
[BlackFideId "4125029"]
[EventDate "2015.10.13"]

1. d4 e6 2. c4 Nf6 3. Nc3 Bb4 4. Nf3 O-O 5. Bg5 c5 6. Rc1 cxd4 7. Nxd4 h6 8. Bh4
d5 9. e3 dxc4 10. Bxc4 e5 11. Nb5 Nc6 12. Qxd8 Rxd8 13. O-O g5 14. Bg3 Bf5 15.
Nc7 Bxc3 16. Rxc3 Rac8 17. Nb5 a6 18. Na3 b5 19. Bb3 b4 20. Rxc6 Rxc6 21. Nc4
Be6 22. Nxe5 Rcc8 23. Bxe6 fxe6 24. Nf3 Rc2 25. h3 Ne4 26. Be5 Nd2 27. Nxd2
Rdxd2 28. g4 a5 29. Kg2 a4 30. a3 b3 31. Kf3 Rxb2 32. Bxb2 Rxb2 33. Ke4 Ra2 34.
Rc1 Rxa3 35. Rc8+ Kf7 36. Rb8 Ra2 37. f4 gxf4 38. exf4 Re2+ 39. Kd3 Rh2 40. Ke4
b2 41. Rb7+ Ke8 42. Ke5 a3 43. Kxe6 Re2+ 44. Kd6 a2 45. Rb8+ Kf7 46. Rb7+ Kf6 0-1

[Event "World Blitz 2015"]
[Site "Berlin GER"]
[Date "2015.10.14"]
[Round "16.37"]
[White "Bacrot, Etienne"]
[Black "Ivanisevic, Ivan"]
[Result "0-1"]
[WhiteTitle "GM"]
[BlackTitle "GM"]
[WhiteElo "2697"]
[BlackElo "2653"]
[WhiteFideId "605506"]
[BlackFideId "912417"]
[EventDate "2015.10.13"]

1. d4 Nf6 2. Nf3 c5 3. e3 cxd4 4. exd4 d5 5. Bd3 Nc6 6. c3 Bg4 7. O-O e6 8. Nbd2
Bd6 9. Re1 O-O 10. Nf1 Qc7 11. h3 Bh5 12. Bg5 Nd7 13. Bh4 Rab8 14. Bxh7+ Kxh7
15. Ng5+ Kh6 16. Qd3 Bg6 17. Qd2 Bf4 18. Ne3 Nf6 19. g3 Bxg5 20. Bxg5+ Kh7 21.
Bxf6 gxf6 22. Ng4 Qe7 23. h4 Kg8 24. Qh6 f5 25. h5 fxg4 26. hxg6 fxg6 27. Qxg6+
Qg7 28. Qxe6+ Rf7 29. Qxd5 Rf8 30. Re4 Qg6 31. Rf1 Kg7 32. Qb3 Qxe4 0-1

[Event "World Blitz 2015"]
[Site "Berlin GER"]
[Date "2015.10.14"]
[Round "16.38"]
[White "Borisek, Jure"]
[Black "Jumabayev, Rinat"]
[Result "1-0"]
[WhiteTitle "GM"]
[BlackTitle "GM"]
[WhiteElo "2565"]
[BlackElo "2606"]
[WhiteFideId "14603152"]
[BlackFideId "13702661"]
[EventDate "2015.10.13"]

1. e4 e5 2. Nf3 Nc6 3. Bb5 a6 4. Ba4 Nf6 5. O-O Be7 6. d3 b5 7. Bb3 d6 8. a3 O-O
9. Nc3 Bb7 10. Bd2 Qd7 11. Ne2 Nd8 12. Ng3 Ne6 13. Re1 Rfe8 14. h3 c6 15. Nf5
Bd8 16. Nh2 d5 17. Ng4 Nc5 18. Bg5 Nxg4 19. Qxg4 g6 20. Be3 Ne6 21. Rad1 Kh8 22.
Nh6 Bf6 23. Qf3 Nf4 24. d4 dxe4 25. Qg3 Nd5 26. Ng4 Bg7 27. dxe5 Qf5 28. Bd4
Rad8 29. c3 Nf4 30. Ne3 Qc8 31. Qxf4 Rf8 32. Bc5 Rfe8 33. Bd6 Rd7 34. Bxf7 c5
35. Bxe8 Qxe8 36. Bxc5 Rd3 37. e6 Qxe6 38. Qb8+ Bc8 39. Ng4 h5 40. Rxd3 1-0

[Event "World Blitz 2015"]
[Site "Berlin GER"]
[Date "2015.10.14"]
[Round "16.39"]
[White "Anton Guijarro, David"]
[Black "Roiz, Michael"]
[Result "1/2-1/2"]
[WhiteTitle "GM"]
[BlackTitle "GM"]
[WhiteElo "2634"]
[BlackElo "2600"]
[WhiteFideId "2285525"]
[BlackFideId "2804158"]
[EventDate "2015.10.13"]

1. e4 e6 2. d3 d5 3. Nd2 Nf6 4. Ngf3 Nc6 5. c3 e5 6. Be2 Bd6 7. O-O O-O 8. Re1
Re8 9. Bf1 a5 10. exd5 Nxd5 11. Nc4 Bg4 12. h3 Bh5 13. Be2 Bf8 14. a4 Bg6 15.
Qb3 Rb8 16. Bf1 f6 17. Nh4 Bf7 18. Qc2 Qd7 19. Bd2 Nde7 20. Rad1 b6 21. Bc1 Rbd8
22. Nf3 Bg6 23. Nh4 Bf7 24. Nf3 Nf5 25. Nfd2 Nd6 26. Nxd6 Bxd6 27. Ne4 Bf8 28.
Be2 Be6 29. Bf3 Bd5 30. Nd2 Qf7 31. Bxd5 Rxd5 32. Nf1 Red8 33. Ne3 R5d7 34. Qe2
Ne7 35. Nc2 Qb3 36. d4 Qxa4 37. Be3 Ng6 38. Ra1 Qc6 39. dxe5 fxe5 40. Qg4 Re8
41. Na3 Bxa3 42. Rxa3 Qe6 43. Qe2 Red8 44. Ra4 Qf7 45. Rg4 Qf5 46. Rg5 Qf7 47.
Qg4 Rd6 48. Qe4 Qd5 49. Qg4 Qe6 50. Qe4 Rd1 51. Rxd1 Rxd1+ 52. Kh2 Rd6 53. Rg3
Qd5 54. Qf5 Qe6 55. Qe4 Qd5 56. Qf5 Qe6 57. Qe4 Rd8 58. Qb7 Qd7 59. Qe4 Qd5 60.
Qg4 Qd7 61. Qe4 Rf8 62. Qc4+ Qf7 63. Qc6 Nf4 64. Rg5 Ng6 65. Rg3 Nf4 66. Rg5 Ng6
67. Rg3 Re8 68. Qe4 Qe7 69. Qc6 Qf7 70. Qe4 Re6 71. Qa8+ Re8 72. Qe4 Nf8 73. Rg5
Nd7 74. Qc6 Nf6 75. Qb5 Nd5 76. Rg3 Nxe3 77. fxe3 Qe6 78. Qd3 Qd6 79. Qe4 Rf8
80. Rg5 Re8 81. Rf5 g6 82. Rf1 Rf8 83. Rxf8+ Kxf8 84. Kg3 Kg7 85. h4 Qf6 86. Qb7
Qd6 87. Qe4 c6 88. Qg4 Qe7 89. Qc8 Qc5 90. Qd7+ Kf6 91. Qd8+ Ke6 92. Kf2 Qe7 93.
Qc8+ Qd7 94. Qb8 Qd2+ 95. Kf3 Qxb2 96. Qg8+ Kd6 97. c4 Qb1 98. Qf8+ Ke6 99. Qe8+
Kf6 100. Qf8+ Ke6 101. Qg8+ 1/2-1/2

[Event "World Blitz 2015"]
[Site "Berlin GER"]
[Date "2015.10.14"]
[Round "16.40"]
[White "Heimann, Andreas"]
[Black "Bartel, Mateusz"]
[Result "0-1"]
[WhiteTitle "IM"]
[BlackTitle "GM"]
[WhiteElo "2546"]
[BlackElo "2622"]
[WhiteFideId "24624632"]
[BlackFideId "1112635"]
[EventDate "2015.10.13"]

1. e4 e5 2. Nf3 Nc6 3. Bb5 a6 4. Bxc6 dxc6 5. O-O Qd6 6. Na3 b5 7. c3 c5 8. Qe2
Ne7 9. Nc2 Ng6 10. a4 Nf4 11. Qe3 Bb7 12. axb5 axb5 13. Rxa8+ Bxa8 14. d4 f6 15.
dxe5 fxe5 16. Nxe5 g5 17. Nf3 Be7 18. Na3 O-O 19. Nxb5 Qd7 20. c4 Qg4 21. Ne1
Ne2+ 22. Kh1 Nxc1 23. f3 Qf4 24. Qxf4 gxf4 25. Nxc7 Bf6 26. Nc2 Bxb2 27. Rd1 Bc6
28. Nb5 Rb8 29. h4 Bxb5 30. cxb5 Rxb5 31. Rd7 Ne2 32. Kh2 Bf6 33. Kh3 c4 34. Rc7
c3 35. Na3 Rh5 36. Kg4 Rxh4+ 37. Kf5 Bg7 38. Rc8+ Bf8 39. Nb5 Rh6 40. Nxc3 Nxc3
41. Rxc3 Rg6 42. Kxf4 Rxg2 43. e5 Be7 44. Rc7 Kf8 45. Ke4 h5 46. f4 h4 47. Rc3
Kg7 48. f5 Bg5 49. Rc7+ Kh6 50. Rc8 Re2+ 51. Kd5 Bf4 52. e6 Re5+ 53. Kd4 Kg5 54.
Rf8 h3 55. f6 Rxe6 56. f7 Rf6 57. Rh8 Rxf7 58. Rxh3 Kg4 59. Rb3 Rd7+ 60. Kc4 Kf5
61. Kb5 Ke4 62. Rb4+ Ke5 63. Rb3 Rb7+ 64. Kc4 Rc7+ 65. Kb5 Kd4 66. Rb4+ Ke5 67.
Rb3 Kd5 68. Rb4 Bd6 69. Rb3 Rb7+ 70. Ka4 Ra7+ 71. Kb5 Bc5 72. Rd3+ Bd4 73. Rb3
Rb7+ 74. Ka4 Rh7 75. Kb5 Rh8 76. Rb4 Bc5 77. Rb3 Rh6 78. Rd3+ Bd4 79. Rb3 Rc6
80. Ka4 Bc5 81. Kb5 Rc8 82. Rd3+ Bd4 83. Rb3 Rc1 84. Kb4 Kc6 85. Rh3 Be5 86. Rb3
Bd6+ 0-1

[Event "World Blitz 2015"]
[Site "Berlin GER"]
[Date "2015.10.14"]
[Round "16.43"]
[White "Hjartarson, Johann"]
[Black "Ganguly, Surya Shekhar"]
[Result "0-1"]
[WhiteTitle "GM"]
[BlackTitle "GM"]
[WhiteElo "2529"]
[BlackElo "2652"]
[WhiteFideId "2300044"]
[BlackFideId "5002150"]
[EventDate "2015.10.13"]

1. e4 e6 2. d4 d5 3. Nc3 Nf6 4. e5 Nfd7 5. f4 c5 6. Nf3 Nc6 7. Be3 Be7 8. Qd2
O-O 9. Be2 b6 10. O-O f5 11. a3 Bb7 12. h3 cxd4 13. Nxd4 Nc5 14. b4 Nxd4 15.
Bxd4 Ne4 16. Nxe4 dxe4 17. Rfd1 g5 18. Be3 gxf4 19. Bxf4 Qxd2 20. Rxd2 Rfd8 21.
Rad1 a5 22. Rxd8+ Rxd8 23. Rxd8+ Bxd8 24. g3 Bc6 25. c4 Be7 26. Bd2 Kf8 27. Kf2
Ke8 28. h4 Bf8 29. Bc3 axb4 30. axb4 Kd8 31. Bd2 Bg7 32. Bc3 Bh6 33. Bd4 Kc7 34.
b5 Bb7 35. c5 bxc5 36. Bxc5 Bd5 37. Bh5 Bd2 38. Bf7 Kb7 39. Bg8 h6 40. Bf7 Bc3
41. Bd6 Bd4+ 42. Ke1 Bc4 43. Be8 e3 44. Bc6+ Kb6 45. Bb4 Bxe5 46. Bf3 Bxg3+ 47.
Kd1 Bxh4 48. Bf8 Bg5 0-1

[Event "World Blitz 2015"]
[Site "Berlin GER"]
[Date "2015.10.14"]
[Round "16.44"]
[White "Bluebaum, Matthias"]
[Black "Grandelius, Nils"]
[Result "0-1"]
[WhiteTitle "GM"]
[BlackTitle "GM"]
[WhiteElo "2588"]
[BlackElo "2647"]
[WhiteFideId "24651516"]
[BlackFideId "1710400"]
[EventDate "2015.10.13"]

1. d4 Nf6 2. c4 e6 3. g3 d5 4. Bg2 g6 5. Nf3 Bg7 6. O-O O-O 7. Qc2 Na6 8. Rd1 b6
9. Nc3 Bb7 10. Ne5 c5 11. dxc5 bxc5 12. Bg5 Qc8 13. cxd5 exd5 14. e3 Nb4 15. Qd2
Rd8 16. a3 Na6 17. Bxf6 Bxf6 18. Nd3 d4 19. Ne4 Bxe4 20. Bxe4 Rb8 21. Rac1 Qe6
22. Bg2 dxe3 23. Qxe3 Qxe3 24. fxe3 Rb3 25. Bf1 Be7 26. Rc4 Rb6 27. Rdc1 Bf8 28.
R4c2 Rb3 29. Nf4 Nc7 30. Kf2 Rdb8 31. Nd3 Ne6 32. Rc3 R3b6 33. R1c2 Bg7 34. Rc4
Bxb2 35. Bh3 Bxa3 36. Ra2 Rb3 37. Bxe6 Rxd3 38. Bg4 a5 39. Be2 Rdb3 40. Ra4 Bb4
41. Rc2 Re8 42. Bb5 Re7 43. Re2 Rc3 44. Raa2 c4 45. Rac2 Rexe3 46. Rxc3 Rxc3 47.
Re8+ Kg7 48. Rc8 Rc2+ 49. Kf3 Rxh2 50. Rxc4 Rh5 51. Ba4 Rf5+ 52. Kg2 h5 53. Rc7
Rf6 54. Bb3 Rf5 55. Rb7 Bd6 56. Bc4 Rg5 57. Rxf7+ Kh6 58. Rf3 h4 59. Kh3 Rxg3+
60. Rxg3 Bxg3 61. Kg4 Kg7 62. Bb5 Kf6 63. Ba4 g5 64. Bd7 Bf4 65. Kf3 Ke5 66. Ke2
Kd4 67. Kd1 Kc3 68. Be6 a4 0-1

[Event "World Blitz 2015"]
[Site "Berlin GER"]
[Date "2015.10.14"]
[Round "16.45"]
[White "Meier, Georg"]
[Black "Swiercz, Dariusz"]
[Result "0-1"]
[WhiteTitle "GM"]
[BlackTitle "GM"]
[WhiteElo "2654"]
[BlackElo "2620"]
[WhiteFideId "4675789"]
[BlackFideId "1126881"]
[EventDate "2015.10.13"]

1. Nf3 d5 2. g3 c6 3. Bg2 Bg4 4. c4 e6 5. O-O Nf6 6. d3 Bd6 7. h3 Bh5 8. Qb3 Qb6
9. Be3 Qxb3 10. axb3 a6 11. g4 Bg6 12. Nh4 h5 13. g5 Nfd7 14. Nc3 Bh7 15. f4 f6
16. f5 exf5 17. g6 f4 18. Bxf4 Bxf4 19. Rxf4 Bg8 20. Nf5 Ne5 21. Nxg7+ Kf8 22.
Nf5 Nxg6 23. Rf2 dxc4 24. bxc4 Nd7 25. Nd6 Rb8 26. Rxf6+ Nxf6 0-1

[Event "World Blitz 2015"]
[Site "Berlin GER"]
[Date "2015.10.14"]
[Round "16.46"]
[White "Salem, A.R. Saleh"]
[Black "Grigoriants, Sergey"]
[Result "1/2-1/2"]
[WhiteTitle "GM"]
[BlackTitle "GM"]
[WhiteElo "2624"]
[BlackElo "2603"]
[WhiteFideId "9301348"]
[BlackFideId "4130804"]
[EventDate "2015.10.13"]

1. d4 Nf6 2. c4 e6 3. Nf3 d5 4. Nc3 c5 5. e3 Nc6 6. a3 a6 7. Bd3 dxc4 8. Bxc4 b5
9. Ba2 Bb7 10. O-O Be7 11. d5 exd5 12. Nxd5 Nxd5 13. Bxd5 O-O 14. e4 Na5 15. Bd2
Bxd5 16. exd5 Nc4 17. Bc3 Bf6 18. Bxf6 Qxf6 19. b3 Nb6 20. Rc1 c4 21. bxc4 Nxc4
22. Qd3 Rad8 23. Rfe1 h6 24. h3 Rd6 25. Re4 Rfd8 26. Rce1 g6 27. Rd4 Nb6 28. Re5
Nd7 29. Re1 Nb6 30. Re5 Nd7 31. Re1 Nb6 32. Re5 1/2-1/2

[Event "World Blitz 2015"]
[Site "Berlin GER"]
[Date "2015.10.14"]
[Round "16.47"]
[White "Bauer, Christian"]
[Black "Agdestein, Simen"]
[Result "1-0"]
[WhiteTitle "GM"]
[BlackTitle "GM"]
[WhiteElo "2623"]
[BlackElo "2606"]
[WhiteFideId "603767"]
[BlackFideId "1500015"]
[EventDate "2015.10.13"]

1. Nf3 e6 2. d4 f5 3. Bf4 d6 4. e3 Nd7 5. Bc4 Qe7 6. Nc3 Ngf6 7. h3 g6 8. a4 Bg7
9. a5 a6 10. Bh2 e5 11. O-O e4 12. Nd2 Nf8 13. f3 exf3 14. Qxf3 Ne6 15. Rae1 Bh6
16. Bf4 Ng5 17. Qg3 Nh5 18. Qf2 Be6 19. h4 Nf7 20. Bxh6 Nxh6 21. e4 f4 22. e5
Ng4 23. exd6 Nxf2 24. dxe7 Bxc4 25. Nxc4 Ng4 26. Nd5 Kd7 27. Nxf4 Ng3 28. Rf3
Nf5 29. Nd5 Kc6 30. Nb4+ Kb5 31. Nd5 Kxc4 32. Nxc7 Rae8 33. Re4 Nf6 34. Rc3+ Kb4
35. Re5 Nxd4 36. Kf1 Nc6 37. Nxa6+ bxa6 38. Rxc6 Nd7 39. Ree6 Nb8 40. Rb6+ Kxa5
41. Rb3 Nd7 42. Ra3+ Kb5 43. b3 Nc5 44. Re5 Kb4 45. Ra1 Nd7 46. Ra4+ Kc3 47.
Rc4+ Kb2 48. Re6 Rhg8 49. Rc7 Nb6 50. Rxb6 Rg7 51. Re6 1-0